000 02426nam a2200481 i 4500
001 197596
003 ES-MaACL
005 20250824063101.0
008 250617s2019 sp a | ||||o010 0dspa
015 _aMON22
017 _aM 30805-2019
_bOficina Depósito Legal Madrid
020 _a9788495265777
024 7 _a 108-19-042-9
_qpapel
_2nipo
024 7 _zNIPO 108-19-043-4
_qen línea
_2nipo
035 _a(OCoLC)1126291571
035 _a(SpMaBN)a7026828
040 _aSpMaBN
_bspa
_cSpMaBN
_erda
080 _a929 Morán, Fernando
080 _a327(460)
245 0 3 _aEl lugar de España en las relaciones internacionales :
_bXXXIII aniversario de la incorporación de España a la Comunidad Europea : libro homenaje a Fernando Morán /
_cdirectores, Álvaro Cuesta Martínez, Antonio López Pina, Juan Antonio Yáñez-Barnuevo ; coordinadora, Mª del Pilar Sánchez Millas.
264 1 _a[Madrid] :
_bMinisterio de Asuntos Exteriores, Unión Europea y Cooperación ;
_a[Oviedo] ;
_bPrincipado de Asturias,
_c2019.
300 _a529 páginas :
_bfotografías (color) ;
_c25 cm.
336 _aTexto
_2rdacontent
337 _asin mediación
_2rdamedia
338 _avolumen
_2rdacarrier
490 1 _aBiblioteca diplomática española. Sección Varios ;
_v10
504 _aIncluye referencias bibliográficas
600 1 0 _aMorán, Fernando,
_d1926-2020-
_vHomenajes
_9240945
651 7 _aEspaña-
_xPolítica exterior
_9165501
655 7 _aHomenajes
_2tgfbne
_9226850
700 1 _aCuesta Martínez, Álvaro
_9240946
_epbl
700 1 _aLópez Pina, Antonio,
_d1937-
_9240947
_epbl
700 1 _aYáñez-Barnuevo, Juan Antonio
_9240948
_epbl
700 1 _aSánchez Millas, Pilar
_9240949
_ecoor
700 1 _aMorán, Fernando,
_d1926-2020
_9240950
_ehnr
852 _aES-MaACL
_cDEPOJ
_jN-10519
_gDedicatoria autógrafa de la coordinadora
_hDonación: María del Pilar Sánchez Millas
_xEncuadernación cartoné con sobrecubiertas
_9206642
856 _uhttps://www.exteriores.gob.es/es/ServiciosAlCiudadano/PublicacionesOficiales/El%20lugar%20de%20Espa%C3%B1a%20en%20las%20relaciones%20internacionales.pdf
_yVersión digital en línea
903 _9240949
_aSánchez Millas, Pilar
_ednr
942 _cMONOGRAFIA
_n0
999 _c197596
_d197596